000
00341nam a22001457a 4500
008
230419b ||||| |||| 00| 0 eng d
020
_a
9780314145772
041
_a
eng
080
_2
SECOND EDITION
_a
34
082
_a
34HAY
100
_a
31
101
_a
JURED
245
_a
LAWYERING PRACTICE AND PLANNING
_c
HAYDOCK.S.R
942
_2
udc
_c
BK
999
_c
59603
_d
59603